000 00865nam a22002297a 4500
001 BRCA_9170
003 FranzMayer
005 20220809131110.0
008 220623b |||||||| |||| 00| 0 spa d
020 _a9788418075568
040 _aMFM
_bspa
_cSHM
_dMFM
041 _aspa
050 _aTR820
_b.W67 2020
245 _aWorld Press Photo 2020 /
_cEdición en lengua española Cristina Rodríguez Fischer
250 _a1ra ed. spa.
_bEdición en lengua española Rodríguez Fischer, Cristina
260 _aÁmsterdam, Países Bajos
_bBLUME
_c2020
300 _a239 p.
_bimágenes fotográficas
_c19.5 x 25 cm.
500 _aUbicación: L59-N5
500 _aCatálogo de la exposición realizada en el Museo Franz Mayer (Ciudad de México, 2 de septiembre al 8 de noviembre, 2020)
650 1 4 _2Fotoperiodismo
_vExposiciones
_xPremios
_928354
942 _2lcc
_cB
999 _c10789
_d10789